Chuyện hay thực vật
Sách gồm 8 chương giới thiệu về nguồn gốc và đặc tính của các loài thực vật trên thế giới.
Bewaard in:
| Hoofdauteur: | |
|---|---|
| Formaat: | Boek |
| Taal: | Undetermined |
| Gepubliceerd in: |
Thành phố Hồ Chí Minh
Trẻ
2000
|
| Onderwerpen: | |
| Tags: |
Voeg label toe
Geen labels, Wees de eerste die dit record labelt!
|
| Thư viện lưu trữ: | Trung tâm Học liệu Trường Đại học Cần Thơ |
|---|
| LEADER | 00750nam a2200205Ia 4500 | ||
|---|---|---|---|
| 001 | CTU_36936 | ||
| 008 | 210402s9999 xx 000 0 und d | ||
| 020 | |c 50000 | ||
| 082 | |a 500 | ||
| 082 | |b D121 | ||
| 100 | |a Hoàng, Kiến Dân | ||
| 245 | 0 | |a Chuyện hay thực vật | |
| 245 | 0 | |c Hoàng Kiến Dân, Trường Phong; Võ Mai Lý dịch | |
| 260 | |a Thành phố Hồ Chí Minh | ||
| 260 | |b Trẻ | ||
| 260 | |c 2000 | ||
| 520 | |a Sách gồm 8 chương giới thiệu về nguồn gốc và đặc tính của các loài thực vật trên thế giới. | ||
| 650 | |a Botany,Knowledge,Science | ||
| 904 | |i Trọng Hải | ||
| 980 | |a Trung tâm Học liệu Trường Đại học Cần Thơ | ||